00396nam a2200145Ia 4500003000400000008004100004040001600045082001500061100002100076245004900097260005100146300001000197650003200207650001100239GCL140319s9999 xx 000 0 eng d aGCL / cGCL04a782.1bP R1 aPUFFETT, DERRICK10aRICHARD STRAUSS: SALOME / cPUFFETT, DERRICK a[S.N] : bCAMBRIBGE UNIVERSITY PRESS ، c1989 a211 P04aSTRAUSS, RICHARD, 1864-194904aSALOME